000 00555nam a22001817a 4500
005 20231128133718.0
008 231128b |||||||| |||| 00| 0 eng d
020 _a0409033669
041 _aEnglish
082 _a340.1 LEW
100 _aHoffmann, IM
_lEnglish
245 _aLewis and Kyrou's Handy Hints on Legal Practice /
_cIM Hoffmann
250 _aFirst Edition
260 _aDurban :
_bLexisNexis Butterworth,
_c1997
300 _bxxi, 325 pages ;
_c22 cm.
650 _aLegal practice
_bLaw
942 _cBK
_6ALISON_BN_VRIES
999 _c1018
_d1018